000 00658nam a22002417a 4500
003 DO-SdBNP
005 20221107093433.0
007 ta
008 221107b2022 dr ||||| |||| 00| 0 spa d
020 _a9789945934908
040 _aDO-SdBNP
_bspa
_cBNPHU
082 4 _222
110 _981790
245 0 0 _aPlan estratégico institucional PEI 2022-2026 :
_bhacia la transformació de la municipalidad dominicana
260 _aSanto Domingo :
_bLiga Municipal Dominicana,
_c2022.
300 _a60 p. :
_c23 cm.
590 _aInventariado, 2022/ BT
650 _937338
700 _981450
710 _981790
910 _aBtavárez
942 _2ddc
_cLBS1
999 _c52811
_d52811